Rappeurs francophones en photo - Statistiques

Statistiques générales
  • Ce quiz a été pris 2 178 fois
  • Le résultat moyen est 80 sur 190
Statistiques - réponses
Par images Réponse % Correct
Jul
100%
Booba
99%
SCH
99%
Damso
97%
Gims
97%
Ninho
96%
Niska
96%
Orelsan
96%
Kaaris
95%
PLK
94%
PNL
93%
Soprano
93%
Koba LaD
92%
Hamza
90%
Nekfeu
90%
SDM
89%
Vald
89%
Gazo
88%
Maes
88%
Naps
88%
Naza
88%
Tiakola
88%
Black M
87%
Diam's
86%
Bigflo et Oli
85%
Shay
85%
Mister V
84%
Werenoi
84%
Hatik
83%
Kalash
81%
Favé
78%
Zola
77%
Dadju
75%
Rim'K
75%
Gambi
74%
Lacrim
74%
Sofiane
74%
Alonzo
73%
MHD
72%
La Fouine
71%
Kalash Criminel
70%
Soolking
70%
Soso Maness
70%
Ziak
69%
Lorenzo
68%
RK
65%
Bosh
63%
Théodort
63%
Djadja & Dinaz
62%
Gradur
62%
Leto
62%
Heuss l'Enfoiré
60%
Lomepal
59%
Dau
58%
Freeze Corleone
57%
Moha La Squale
57%
L'Algérino
56%
MC Solaar
56%
Rohff
55%
Da Uzi
53%
Kerchak
53%
IAM
52%
Youssoupha
52%
Laylow
50%
Sexion d'assaut
50%
Dinos
49%
Fresh
49%
Kery James
48%
Ademo
47%
Guizmo
47%
Luv Resval
47%
Népal
47%
ZKR
47%
Franglish
46%
menace Santana
46%
Alpha Wann
45%
Mister You
45%
Guy2Bezbar
44%
JoeyStarr
44%
Niro
44%
Roméo Elvis
44%
Josman
43%
Lartiste
43%
Suprême NTM
43%
La Fève
42%
La Mano 1.9
42%
N.O.S.
41%
Sadek
40%
Seth Gueko
40%
DADI
39%
Jok'Air
39%
KeBlack
39%
Lujipeka
39%
Médine
39%
AMK
38%
Houdi
38%
13'Organisé
37%
4Keus
37%
Clara Charlotte
36%
Larry
36%
Luidji
36%
Oboy
36%
Yorssy
36%
B.B. Jacques
35%
Rilès
35%
Dosseh
33%
Hornet La Frappe
33%
Zamdane
33%
Alkpote
32%
Prime
32%
Jolagreen23
31%
Uzi
31%
Beendo Z
30%
Jyeuhair
30%
Oxmo Puccino
30%
Vacra
29%
Hugo TSR
28%
Kofs
28%
Lefa
28%
1PLIKÉ140
27%
BEN plg
27%
Landy
26%
Lunatic
26%
Youssef Swatt's
26%
113
25%
Caballero & JeanJass
25%
JRK 19
25%
Timal
25%
Disiz
24%
Meryl
24%
Doc Gynéco
23%
Georgio
23%
Gringe
23%
MMZ
23%
Akhenaton
20%
Bekar
20%
1995
19%
Bouss
19%
Casseurs Flowters
19%
Columbine
19%
Benjamin Epps
18%
Genezio
18%
Sneazzy
18%
Tsew The Kid
18%
13 Block
17%
Jazzy Bazz
17%
Vegedream
17%
Ico
16%
Kekra
16%
Mac Tyer
16%
DTF
15%
Gambino
15%
Green Montana
15%
Rsko
15%
Chilla
14%
Moha K
14%
Siboy
14%
Diddi Trix
13%
L'Allemand
13%
47Ter
12%
Ateyaba
12%
Bu$hi
12%
Sinik
12%
Hayce Lemsi
11%
ElGrandeToto
10%
Le Rat Luciano
10%
S.Pri Noir
10%
Tif
10%
404Billy
9%
Lous and the Yakuza
9%
Tunisiano
9%
Kool Shen
8%
Cheu-B
7%
GLK
7%
Némir
7%
Roshi
7%
Shurik'n
7%
Lala &ce
6%
Bramsito
5%
Sopico
5%
Gaulois
4%
Key Largo
4%
A2H
3%
Le Juiice
3%
Passi
3%
Ministère A.M.E.R.
1%
Pit Baccardi
1%
Saïan Supa Crew
1%
SenSey'
1%
ABSOLEM
0%
Aucun quiz correspondant
Distribution des résultats
% des personnes avec chaque résultat
Percentile par nombre de réponses
Votre historique - résultats
Vous n’avez pas pris ce quiz